Góp phần nghiên cứu thành phần hóa học cao Metanol từ cây ban Nhật (Hypericum Japonicum Thunb) họ bứa (Guttiferae) : Luận văn tốt nghiệp cao học. Ngành Hóa hữu cơ
Nội dung đề tài là nghiên cứu thành phần hóa học cao metanol từ cây ban Nhật (Hypericum japonicum)
Shranjeno v:
| Glavni avtor: | |
|---|---|
| Format: | Knjiga |
| Jezik: | Undetermined |
| Izdano: |
Cần Thơ
Trường Đại học Cần Thơ
2009
|
| Teme: | |
| Oznake: |
Označite
Brez oznak, prvi označite!
|
| Thư viện lưu trữ: | Trung tâm Học liệu Trường Đại học Cần Thơ |
|---|
| LEADER | 00990nam a2200217Ia 4500 | ||
|---|---|---|---|
| 001 | CTU_152166 | ||
| 008 | 210402s9999 xx 000 0 und d | ||
| 082 | |a 547.2 | ||
| 082 | |b H401 | ||
| 088 | |a 60440114 | ||
| 100 | |a Lê, Thị Thanh Hoa | ||
| 245 | 0 | |a Góp phần nghiên cứu thành phần hóa học cao Metanol từ cây ban Nhật (Hypericum Japonicum Thunb) họ bứa (Guttiferae) : | |
| 245 | 0 | |b Luận văn tốt nghiệp cao học. Ngành Hóa hữu cơ | |
| 245 | 0 | |c Lê Thị Thanh Hoa; Nguyễn Công Hào (cán bộ hướng dấn) | |
| 260 | |a Cần Thơ | ||
| 260 | |b Trường Đại học Cần Thơ | ||
| 260 | |c 2009 | ||
| 520 | |a Nội dung đề tài là nghiên cứu thành phần hóa học cao metanol từ cây ban Nhật (Hypericum japonicum) | ||
| 650 | |a Chemistry, organic,Hóa hữu cơ | ||
| 904 | |i Năm, Ái | ||
| 980 | |a Trung tâm Học liệu Trường Đại học Cần Thơ | ||